Nicht-EU Länder, die den Euro benutzen - Statistiken

Allgemein
  • Dieses Quiz wurde 152 mal gespielt
  • Das Durchschnittsergebnis liegt bei 5 aus 6
Antwortstatistiken
Währung Land % Korrekt
Offiziell San Marino
91%
Offiziell Andorra
87%
Offiziell Vatikanstadt
87%
Offiziell Monaco
82%
De facto Kosovo
62%
De facto Montenegro
58%
Keine übereinstimmenden Quizze gefunden
Verteilung der Resultate
Anzahl Personen mit jedem Resultat
Perzentil nach korrekt beantworteten Fragen
Ihre Resultats-Entwicklung
Sie haben dieses Quiz noch nicht gespielt